000 00709nam a2200265Ia 4500
003 OSt
005 20220918163436.0
006 a|||||r|||| 00| 0
007 ta
008 220917b |||||||| |||| 00| 0 eng d
020 _a0 85991 022 9
024 _a31,370
037 _cTextual
040 _aARTS
_cARTS
_beng
041 _2eng
_aeng
082 _aO111:g J, L7
100 _aCooper Helen
_913199
245 0 _aPastoral
_b mediaeval into renaissance Helen Cooper
260 _aNew Jersey
_bD S Brewer UK
_c1977
300 _a257p.
_ccm.
500 _aBib 235-48p
650 _aENGLISH LITERATURE
942 _hO111:g J, L7
_cTEXL
_2CC
999 _c119646
_d119646